Statistics for IIHF Ranking (ice hockey) - Top 25 National Teams

Click here to take the quiz!

General Stats

  • This quiz has been taken 557 times
  • The average score is 21 of 25

Answer Stats

Lp.Countries% Correct
6.United States
99%
1.Canada
98%
2.Russia
98%
3.Finland
97%
4.Sweden
96%
7.Germany
95%
5.Czech Republic
93%
14.France
91%
9.Slovakia
91%
11.Norway
88%
8.Switzerland
88%
12.Denmark
87%
15.Italy
87%
17.Austria
86%
10.Latvia
84%
19.Great Britain
83%
24.Japan
82%
20.Slovenia
81%
22.Poland
78%
13.Belarus
77%
16.Kazakhstan
77%
21.Hungary
74%
18.South Korea
69%
23.Lithuania
60%
25.Romania
55%

Score Distribution

Percentile by Number Answered

Percent of People with Each Score

Your Score History

You have not taken this quiz